000 00631nam a22001817a 4500
999 _c194016
_d194016
005 20221202151315.0
010 _aENG-135763
020 _a9788178245201
_c595.00
035 _aEN-119295
037 _bDBAD/PUB
082 _a894.81209
100 _aUdaya Kumar
245 _aWriting the first person:
_bliterature, history and autobiography in modern kerala/
_cby Udaya kumar
260 _aRanikhet
_bPermanent black
_c2017
270 _a'Himalayana', Mall road, ranikhet cantt
_bRanikhet
_e263645
_mperblack@gmail.com
300 _a324 p.
_c22cm(pbk)
_bIndex & Bibiliography
942 _2ddc
_cEN
_mUDA
_h894.81209